[Event "Medellin de La Raza U2000 op"]
[Site "Medellin"]
[Date "2023.10.14"]
[Round "4"]
[White "Laverde, Luis Eduardo"]
[Black "Areiza Tabares, Samuel Andres"]
[Result "1-0"]
[WhiteElo "1954"]
[BlackElo "1729"]
[PlyCount "48"]
[EventDate "2023.10.12"]
[EventType "swiss"]
[EventRounds "9"]
[EventCountry "COL"]
[SourceTitle "Mega2024 Update 01"]
[Source "Chessbase"]
[SourceDate "2023.11.12"]
[SourceVersion "1"]
[SourceVersionDate "2023.11.12"]
[SourceQuality "1"]

1. c4 Nf6 2. Nc3 c5 3. g3 g6 4. Bg2 Bg7 5. Nf3 Nc6 6. 0-0 0-0 7. d3 d5 8. cxd5 Nxd5 9. Nxd5 Qxd5 10. Ng5 Qd7 11. Ne4 b6 12. a3 Bb7 13. Rb1 Rac8 14. b4 cxb4 15. axb4 h6 16. Bb2 Bxb2 17. Rxb2 Nd4 18. e3 Nb5 19. d4 Bxe4 20. Bxe4 Nc3 21. Qd3 Nxe4 22. Qxe4 Rc7 23. Ra1 Rfc8 24. Rba2 Rc1+ 1-0

[Event "Medellin Flores op 30th"]
[Site "Medellin"]
[Date "2023.08.04"]
[Round "3"]
[White "Pinero Rodriguez, Carlos Jose"]
[Black "Laverde, Luis Eduardo"]
[Result "1-0"]
[WhiteElo "2246"]
[BlackElo "2008"]
[PlyCount "49"]
[EventDate "2023.08.03"]
[EventType "swiss"]
[EventRounds "9"]
[EventCountry "COL"]
[SourceTitle "CBM 215 Extra"]
[Source "ChessBase"]
[SourceDate "2023.09.30"]
[SourceVersion "1"]
[SourceVersionDate "2023.09.30"]
[SourceQuality "1"]

1. d4 Nf6 2. Nf3 d6 3. Bf4 g6 4. h3 Bg7 5. e3 0-0 6. Be2 Nbd7 7. 0-0 c6 8. Nbd2 Re8 9. Bh2 h6 10. a4 b6 11. c3 Bb7 12. a5 Nf8 13. Qb3 N6d7 14. Bc4 d5 15. Be2 e5 16. dxe5 Nxe5 17. c4 dxc4 18. Nxc4 Nxc4 19. Bxc4 Re7 20. Rfd1 Nd7 21. Bd6 b5 22. Bxe7 Qxe7 23. Bxf7+ Kh7 24. Bxg6+ Kxg6 25. Qd3+ 1-0

[Event "Sabaneta op-B 2nd"]
[Site "Sabaneta Antioquia"]
[Date "2023.06.28"]
[Round "1"]
[White "Laverde, Luis Eduardo"]
[Black "Briceno Suarez, Elisabet"]
[Result "1-0"]
[WhiteElo "1938"]
[BlackElo "1061"]
[PlyCount "64"]
[EventDate "2023.06.28"]
[EventType "swiss"]
[EventRounds "9"]
[EventCountry "COL"]
[SourceTitle "EXT 2024"]
[Source "ChessBase"]
[SourceDate "2023.10.10"]
[SourceVersion "1"]
[SourceVersionDate "2023.10.10"]
[SourceQuality "1"]

1. e4 e5 2. Nf3 Nc6 3. Bb5 Bc5 4. 0-0 d6 5. d4 exd4 6. Nxd4 Bxd4 7. Qxd4 Nf6 8. Bg5 Bd7 9. Qd2 0-0 10. Nc3 Ne5 11. Bxd7 Nexd7 12. f4 h6 13. Bh4 Nxe4 14. Qe1 g5 15. Qxe4 Nc5 16. Qf3 gxh4 17. b4 Ne6 18. Qxb7 Rb8 19. Qe4 Re8 20. Kh1 Ng7 21. Qc4 Kf8 22. Nd5 Rb7 23. Rae1 Rxe1 24. Rxe1 Ne6 25. f5 Ng7 26. f6 Nf5 27. Qe4 Qd7 28. Ne7 Rb5 29. Nxf5 Re5 30. Qa8+ Re8 31. Rxe8+ Qxe8 32. Qxe8+ Kxe8 1-0

[Event "Sabaneta op-B 1st"]
[Site "Sabaneta"]
[Date "2022.11.27"]
[Round "4"]
[White "Gallon Ramirez, Tomas"]
[Black "Laverde, Luis Eduardo"]
[Result "0-1"]
[WhiteElo "1540"]
[BlackElo "2000"]
[PlyCount "64"]
[EventDate "2022.11.25"]
[EventType "swiss"]
[EventRounds "8"]
[EventCountry "COL"]
[SourceTitle "CBM 211 Extra"]
[Source "ChessBase"]
[SourceDate "2023.01.31"]
[SourceVersion "1"]
[SourceVersionDate "2023.01.31"]
[SourceQuality "1"]

1. d4 Nf6 2. c4 c5 3. d5 d6 4. Nc3 g6 5. e4 Bg7 6. Nf3 a6 7. Bd3 Nbd7 8. 0-0 0-0 9. Re1 Ne5 10. Nxe5 dxe5 11. h3 Ne8 12. f4 Nd6 13. Qf3 b5 14. cxb5 c4 15. Bc2 axb5 16. fxe5 Bxe5 17. Bf4 f6 18. a3 b4 19. axb4 Rxa1 20. Rxa1 Qb6+ 21. Kh1 Qxb4 22. Rb1 Bd7 23. Qg3 Nf7 24. Bxe5 Nxe5 25. Ne2 Qd2 26. Bd1 Nd3 27. b3 cxb3 28. Kg1 b2 29. Nd4 Rc8 30. Nb3 Qc3 31. Qe3 Ba4 32. Nc5 Qxc5 0-1

[Event "Medellin Easter op 10th"]
[Site "Medellin"]
[Date "2022.04.14"]
[Round "2"]
[White "Laverde, Luis Eduardo"]
[Black "Marin, Sebastian"]
[Result "0-1"]
[WhiteElo "2022"]
[BlackElo "2319"]
[PlyCount "110"]
[EventDate "2022.04.13"]
[EventType "swiss"]
[EventRounds "8"]
[EventCountry "COL"]
[SourceTitle "CBM 207 Extra"]
[Source "ChessBase"]
[SourceDate "2022.05.31"]
[SourceVersion "1"]
[SourceVersionDate "2022.05.31"]
[SourceQuality "1"]

1. e4 c5 2. Nf3 d6 3. d4 cxd4 4. Nxd4 Nf6 5. Nc3 g6 6. Bc4 Bg7 7. 0-0 0-0 8. h3 Nc6 9. Nxc6 bxc6 10. Re1 Nd7 11. Be3 Ne5 12. Bf1 Be6 13. Qd2 Re8 14. b3 Qa5 15. Ne2 Qxd2 16. Bxd2 c5 17. Nf4 Bd7 18. Nd5 Rab8 19. Rad1 Nc6 20. a4 Nd4 21. Bd3 e6 22. Ne3 Bc6 23. Ba5 Re7 24. Nc4 Rd7 25. Bd2 h6 26. Bf4 Rbd8 27. Rb1 Ba8 28. f3 Kf8 29. Kf1 Ke7 30. Bd2 Nc6 31. f4 Nb4 32. Be3 Rc7 33. Ke2 Na2 34. Bd2 Nc3+ 35. Bxc3 Bxc3 36. Red1 d5 37. exd5 exd5 38. Na3 Kf6 39. Kf1 Re7 40. Nb5 Ba5 41. c3 a6 42. b4 axb5 43. bxa5 bxa4 44. Bb5 Re4 45. g3 Rd6 46. Bd3 Re7 47. Ra1 Bc6 48. a6 Rde6 49. Bc2 Bb5+ 50. Kg1 Bxa6 51. Rxa4 Bb5 52. Ra5 Re1+ 53. Kf2 R7e2+ 54. Kf3 Re3+ 55. Kf2 R1e2+ 0-1

[Event "Medellin Raza op 9th"]
[Site "Medellin"]
[Date "2019.10.14"]
[Round "7"]
[White "Laverde, Luis Eduardo"]
[Black "Zapata Cuartas, Juan Carlos"]
[Result "0-1"]
[WhiteElo "2029"]
[BlackElo "2093"]
[PlyCount "58"]
[EventDate "2019.10.11"]
[EventType "swiss"]
[EventRounds "8"]
[EventCountry "COL"]
[SourceTitle "CBM 192 Extra"]
[Source "Chessbase"]
[SourceDate "2019.11.06"]
[SourceVersion "1"]
[SourceVersionDate "2019.11.06"]
[SourceQuality "1"]

1. e4 c5 2. b3 Nf6 3. Nc3 d5 4. exd5 Nxd5 5. Nxd5 Qxd5 6. Bb2 e5 7. Qe2 Nc6 8. f4 Bd6 9. fxe5 Nxe5 10. h3 0-0 11. 0-0-0 Bf5 12. Qf2 Bg6 13. Nf3 Qe4 14. d3 Qf4+ 15. Kb1 Nxf3 16. gxf3 Rfe8 17. Rg1 h5 18. d4 Re3 19. Bc1 Rxf3 20. Bxf4 Rxf2 21. Bxd6 Bxc2+ 22. Kc1 Bxd1 23. Kxd1 cxd4 24. Bc4 Rxa2 25. Rg5 Rd8 26. Be5 b5 27. Rxg7+ Kf8 28. Rxf7+ Ke8 29. Be6 Ra6 0-1

[Event "Medellin Conconcreto op"]
[Site "Medellin"]
[Date "2018.01.26"]
[Round "3"]
[White "Soto, Miguel Angel"]
[Black "Laverde, Luis Eduardo"]
[Result "1/2-1/2"]
[WhiteElo "2114"]
[BlackElo "2040"]
[PlyCount "47"]
[EventDate "2018.01.24"]
[EventType "swiss"]
[EventRounds "7"]
[EventCountry "COL"]
[SourceTitle "CBM 182 Extra"]
[Source "ChessBase"]
[SourceDate "2018.02.23"]
[SourceVersion "1"]
[SourceVersionDate "2018.02.23"]
[SourceQuality "1"]

1. e4 d5 2. exd5 Qxd5 3. Nc3 Qa5 4. d4 Nf6 5. Nf3 c6 6. Bc4 Bf5 7. Bd2 Nbd7 8. Qe2 e6 9. 0-0 Qc7 10. Ne5 Nxe5 11. dxe5 Nd7 12. Bf4 Be7 13. Rad1 g5 14. Bg3 h5 15. h3 0-0-0 16. Bd3 Bxd3 17. Rxd3 Nc5 18. Rxd8+ Qxd8 19. f3 Qb6 20. Bf2 Qxb2 21. Bd4 Na4 22. Qc4 Nxc3 23. Qxc3 Qxc3 24. Bxc3 1/2-1/2

[Event "Medellin Raza op 7th"]
[Site "Medellin"]
[Date "2017.10.22"]
[Round "8"]
[White "Laverde, Luis Eduardo"]
[Black "Ossa, Vladimir"]
[Result "1-0"]
[WhiteElo "2070"]
[BlackElo "2007"]
[PlyCount "95"]
[EventDate "2017.10.18"]
[EventType "swiss"]
[EventRounds "9"]
[EventCountry "COL"]
[SourceTitle "CBM 181 Extra"]
[Source "ChessBase"]
[SourceDate "2017.12.12"]
[SourceVersion "1"]
[SourceVersionDate "2017.12.12"]
[SourceQuality "1"]

1. e4 g6 2. d4 Bg7 3. Nf3 c6 4. Nc3 b5 5. Bd3 d5 6. 0-0 Bg4 7. e5 e6 8. h3 Bf5 9. Bxf5 gxf5 10. a4 b4 11. Ne2 Ne7 12. Nf4 h5 13. c3 bxc3 14. bxc3 Ng6 15. Nd3 Nd7 16. a5 f6 17. exf6 Bxf6 18. Re1 Kf7 19. Nf4 Ndf8 20. Qa4 Qc7 21. Nd3 Rb8 22. Nb4 Rb5 23. Na6 Qc8 24. Nc5 Rg8 25. Bg5 Ne5 26. Rxe5 Bxg5 27. Rae1 Bf4 28. R5e2 Rg6 29. Qc2 Qd8 30. Nd3 Qd6 31. Nfe5+ Bxe5 32. Nxe5+ Kg7 33. Nxg6 Kxg6 34. a6 c5 35. Qd3 c4 36. Qf3 Rb6 37. g4 hxg4 38. hxg4 fxg4 39. Qxg4+ Kf7 40. Re3 Ke7 41. Qg7+ Kd8 42. Rh3 Qe7 43. Qg3 Kd7 44. Re3 Kc6 45. Rf3 Rb1+ 46. Kg2 Nh7 47. Rh5 Nf6 48. Qg5 1-0

[Event "Medellin Raza op 7th"]
[Site "Medellin"]
[Date "2017.10.19"]
[Round "3"]
[White "Laverde, Luis Eduardo"]
[Black "Castaneda Jimenez, Jhon David"]
[Result "0-1"]
[WhiteElo "2070"]
[BlackElo "2175"]
[PlyCount "46"]
[EventDate "2017.10.18"]
[EventType "swiss"]
[EventRounds "9"]
[EventCountry "COL"]
[SourceTitle "CBM 181 Extra"]
[Source "ChessBase"]
[SourceDate "2017.12.12"]
[SourceVersion "1"]
[SourceVersionDate "2017.12.12"]
[SourceQuality "1"]

1. e4 c5 2. Nf3 Nc6 3. Bb5 g6 4. 0-0 Bg7 5. Re1 Nf6 6. Nc3 0-0 7. d3 d6 8. h3 Nd4 9. Nxd4 cxd4 10. Ne2 a6 11. Ba4 b5 12. Bb3 Qb6 13. c3 dxc3 14. bxc3 Bb7 15. Be3 Qc7 16. Rc1 d5 17. f3 Rfd8 18. Qc2 Rac8 19. Qb1 Bc6 20. Nd4 Be8 21. Bg5 dxe4 22. dxe4 Nh5 23. Ne2 Qc5+ 0-1

[Event "Medellin Flores op 24th"]
[Site "Medellin"]
[Date "2017.08.06"]
[Round "6"]
[White "Laverde, Luis Eduardo"]
[Black "Tovar Klinger, Cristian Jesus"]
[Result "1-0"]
[WhiteElo "2121"]
[BlackElo "1656"]
[PlyCount "79"]
[EventDate "2017.08.03"]
[EventType "swiss"]
[EventRounds "9"]
[EventCountry "COL"]
[SourceTitle "CBM 179 Extra"]
[Source "ChessBase"]
[SourceDate "2017.08.23"]
[SourceVersion "1"]
[SourceVersionDate "2017.08.23"]
[SourceQuality "1"]

1. e4 c5 2. Nf3 d6 3. d4 cxd4 4. Nxd4 Nf6 5. Nc3 a6 6. g3 Bg4 7. f3 Bd7 8. Bg2 Nc6 9. Nb3 Qc8 10. g4 h6 11. 0-0 e5 12. Be3 Be7 13. Qd2 Be6 14. Rac1 Qc7 15. Rfd1 b5 16. Qf2 g5 17. h3 Rb8 18. Bf1 Rg8 19. a3 Bf8 20. Nd5 Qd8 21. Bb6 Rxb6 22. Qxb6 Nxd5 23. Qxd8+ Nxd8 24. exd5 Bd7 25. c4 f5 26. cxb5 axb5 27. gxf5 h5 28. Bd3 g4 29. hxg4 hxg4 30. Kf2 g3+ 31. Kg2 Bh6 32. Rc7 Bf4 33. Rh1 Nf7 34. Rh7 e4 35. Bxe4 Ne5 36. f6 Rf8 37. Ra7 Kd8 38. Nd4 Rxf6 39. Nc6+ Bxc6 40. dxc6 1-0

[Event "Medellin Flores op 24th"]
[Site "Medellin"]
[Date "2017.08.05"]
[Round "5"]
[White "Osorio, Alejandro"]
[Black "Laverde, Luis Eduardo"]
[Result "1-0"]
[WhiteElo "2001"]
[BlackElo "2121"]
[PlyCount "67"]
[EventDate "2017.08.03"]
[EventType "swiss"]
[EventRounds "9"]
[EventCountry "COL"]
[SourceTitle "CBM 179 Extra"]
[Source "ChessBase"]
[SourceDate "2017.08.23"]
[SourceVersion "1"]
[SourceVersionDate "2017.08.23"]
[SourceQuality "1"]

1. d4 Nf6 2. c4 g6 3. Nc3 Bg7 4. e4 d6 5. Bg5 h6 6. Bh4 c5 7. d5 Qa5 8. Qd2 0-0 9. Bd3 Nbd7 10. f4 a6 11. Nf3 Rb8 12. 0-0 b5 13. e5 dxe5 14. fxe5 Ng4 15. Bxe7 Ngxe5 16. Bxf8 Kxf8 17. Nxe5 Nxe5 18. Rae1 Nxd3 19. Qxd3 Qb6 20. Qe2 Qd8 21. Qf3 Rb7 22. b3 h5 23. h3 Kg8 24. cxb5 axb5 25. Nxb5 Bf5 26. a4 Rd7 27. d6 Qh4 28. Re8+ Kh7 29. Qf4 Qf6 30. g4 hxg4 31. hxg4 Bh6 32. Qe5 Qxe5 33. Rxe5 Bxg4 34. Re7 1-0